Most guessed country by language - Statistics

General Stats
  • This quiz has been taken 66 times
  • The average score is 66 of 80
Answer Stats
Czech % Correct
日本
98%
米国
98%
ایالات متحده آمریکا
98%
สหรัฐอเมริกา
98%
জাপান
98%
মার্কিন যুক্তরাষ্ট্র
98%
Estados Unidos
98%
Spojené státy americké
98%
United States
98%
インド
96%
อินเดีย
96%
ভারত
96%
United Kingdom
96%
中国
95%
ドイツ
95%
Γερμανία
95%
จีน
95%
চীন
95%
China
95%
China
95%
España
95%
Německo
95%
フランス
93%
Γαλλία
93%
Ισπανία
93%
Ρωσία
93%
স্পেন
93%
France
93%
Francia
93%
Rusko
93%
Russia
93%
カナダ
91%
タイ
91%
کانادا
91%
مکزیک
91%
Μεξικό
91%
ไทย
91%
เม็กซิโก
91%
แคนาดา
91%
কানাডা
91%
মেক্সিকো
91%
Canada
91%
Canadá
91%
Kanada
91%
Mexico
91%
México
91%
Mexiko
91%
Australia
89%
イタリア
88%
Ελλάδα
88%
Ιταλία
88%
ইতালি
88%
Itálie
88%
Italy
88%
Τουρκία
86%
Polsko
82%
ปากีสถาน
81%
বাংলাদেশ
81%
Brazil
81%
برزیل
79%
ব্রাজিল
79%
韓国
77%
Argentina
77%
Argentina
77%
Česká Republika
77%
Slovensko
75%
ΗΠΑ
61%
Chile
60%
کلمبیا
58%
پرو
58%
สวีเดน
54%
ลาว
51%
کوبا
47%
Italia
47%
Brasil
44%
Πορτογαλία
32%
เดนมาร์ก
32%
پاناما
19%
لیبی
19%
نیکاراگوئه
5%
No matching quizzes found
Score Distribution
Percent of People with Each Score
Percentile by Number Answered
Your Score History
You have not taken this quiz